000 00482nam a2200145 a 4500
001 000031177
005 20200930062743.0
008 110415s2007 dr a r 000 0 spa d
040 _aDO-SdBNP
_bspa
_cBNPHU
082 _axxxx
_bR426o
110 1 _aCentro de Capacitación en Política y Gestión Fiscal de la Secretaría de Estado de Hacienda
_957651
245 1 0 _aInforme gestión 2004-2007.
260 _aSanto Domingo :
_bCAPGEFI,
_c2007.
300 _a77 p. :
_bil., retrs. ;
_c28 cm.
999 _c30669
_d30669